Pedro Olmos (Record no. 38810)

MARC details
000 -LEADER
campo de control de longitud fija 00547nam a2200181 i 4500
001 - NÚMERO DE CONTROL
campo de control 38810
003 - IDENTIFICADOR DE NÚMERO DE CONTROL
campo de control ES-MaACL
005 - FECHA Y HORA DE LA ÚLTIMA TRANSACCIÓN
campo de control 20251012183243.0
007 - CAMPO FIJO DE DESCRIPCIÓN FÍSICA--INFORMACIÓN GENERAL
campo de control de longitud fija t|
008 - DATOS DE LONGITUD FIJA--INFORMACIÓN GENERAL
campo de control de longitud fija 140829s1991 cl ||||1| lat d
100 1# - ENTRADA PRINCIPAL--NOMBRE DE PERSONA
Nombre de persona Zamorano, Pedro Emilio.
9 (RLIN) 155311
245 10 - MENCIÓN DEL TÍTULO
Título Pedro Olmos
Resto del título : pinacoteca /
Mención de responsabilidad, etc. [Textos: Pedro Emilio Zamorano].
260 ## - PUBLICACIÓN, DISTRIBUCIÓN, ETC.
Lugar de publicación, distribución, etc. [Talca, Chile] :
Nombre del editor, distribuidor, etc. Universidad de Talca,
Fecha de publicación, distribución, etc. [1991?]
300 ## - DESCRIPCIÓN FÍSICA
Extensión [20] p. :
Otras características físicas il. ;
Dimensiones 21 cm.
600 17 - PUNTO DE ACCESO ADICIONAL DE MATERIA--NOMBRE DE PERSONA
Nombre de persona Olmos, Pedro,
Fechas asociadas al nombre 1911-1991
Fuente del encabezamiento o término
9 (RLIN) 155312
852 ## - LOCALIZACIÓN
Ubicación ES-MaACL
Número de control de estantería 1870-F-1
Holdings
Estatus retirado Estado de pérdida Estado de daño No para préstamo Colección Biblioteca de origen Biblioteca actual Ubicación en estantería Fecha de adquisición Fuente de adquisición Total de préstamos Signatura topográfica completa Código de barras Visto por última vez Precio de reemplazo Tipo de ítem Koha
        Colección de folletos Biblioteca del Ateneo de Madrid Biblioteca del Ateneo de Madrid Depósito folletos 17/01/2008     1870-F-1 1040867 23/02/2023 23/02/2023 Folleto